ESSENTIALS OF ANESTHESIA FOR UNDERGRADUATES (Record no. 99)

MARC details
000 -LEADER
fixed length control field 00351nam a2200133Ia 4500
008 - FIXED-LENGTH DATA ELEMENTS--GENERAL INFORMATION
fixed length control field 150201s2006 xx 000 0 und d
082 ## - DEWEY DECIMAL CLASSIFICATION NUMBER
Classification number 617.96
Item number E06C
100 ## - MAIN ENTRY--PERSONAL NAME
Personal name CHANDERSEKARAN, R
245 ## - TITLE STATEMENT
Title ESSENTIALS OF ANESTHESIA FOR UNDERGRADUATES
260 ## - PUBLICATION, DISTRIBUTION, ETC. (IMPRINT)
Name of publisher, distributor, etc. JAYPEE BROTHERS
Place of publication, distribution, etc. DELHI
Date of publication, distribution, etc. 2006
300 ## - PHYSICAL DESCRIPTION
Extent 1-275
650 ## - SUBJECT ADDED ENTRY--TOPICAL TERM
Topical term or geographic name as entry element ANAESTHESIOLOGY
942 ## - ADDED ENTRY ELEMENTS (KOHA)
Source of classification or shelving scheme Dewey Decimal Classification
Koha item type Books
Koha issues (borrowed), all copies 1
Holdings
Withdrawn status Lost status Source of classification or shelving scheme Damaged status Not for loan Collection code Home library Current library Shelving location Date acquired Source of acquisition Cost, normal purchase price SGTU Bill Number Total Checkouts Full call number Barcode Date last seen Date last checked out Bill Date Koha item type
    Dewey Decimal Classification     MEDICAL SGT Medical Library SGT Medical Library Text Book 06/02/2010 JAYPEE 195.00 SGTU 7215 1 617.96 E06C FM420 15/06/2017 15/06/2017 09/03/2011 Books
    Dewey Decimal Classification     MEDICAL SGT Medical Library SGT Medical Library Text Book 06/02/2010 JAYPEE 195.00 SGTU 7215 1 617.96 E06C FM421 20/04/2017 13/04/2017 09/03/2011 Books
    Dewey Decimal Classification     MEDICAL SGT Medical Library SGT Medical Library Text Book 06/02/2010 JAYPEE 195.00 SGTU 7215 3 617.96 E06C FM422 14/10/2025 13/10/2025 09/03/2011 Books